LEADER 01519nam a2200301 u 4500 001 000000012171 003 CaOOAMICUS 005 20140722091055.0 008 940516s1964 it u000 u ita r 035 $a10295228 040 $aPUL(R)$bita 100 1 $aVerga, Leonardo,$d1924-$0(OLS)http://pul/name/8992 245 13$aLa filosofia morale di Malebranche /$cLeonardo Verga. 260 $aMilano :$bVita e pensiero,$c1964. 300 $aviii, 425 p. ;$c24 cm 490 1 $aPubblicazioni della Universitą cattolica del Sacro Cuore$aContributi.$aSerie 3, Scienze filosofiche ;$v9 600 14$aMalebranche, Nicolas,$cC.Or.,$d1638-1715.$0(OLS)http://pul/subject/7303 650 4$aFilosofia morale.$0(OLS)http://pul/subject/560 710 2 $aUniversitą cattolica del Sacro Cuore. Sede di Milano.$0(OLS)http://pul/name/534 830 0$aPubblicazioni della Universitą cattolica del Sacro Cuore.$pContributi.$nSerie 3,$pScienze filosofiche ;$v9.$0(OLS)http://pul/title/3789 850 $aPUL 852 $aPUL$W1$xDP1 Fondo Giannini$y60$m1555 F 14$j17204$nBK-PRI$b $qFondi$B17204$CPULBib$Z2$F17204 $H $81 852 $aPUL$W1$xDP2 Diritto Canonico 1$y64$m167 D 20.9.9$j160939$qStampati$B160379$CPULBib$Z2$F160379 $H25042 $82 941 1 $a1 941 1 $a8 961 $aINV: Fondo Giannini 996 $6245$aLa filosofia morale di Malebranche$9(OLS)http://pul/title/17625 996 $6260$aMilano :$bVita e pensiero$9(OLS)http://pul/publisher/48016 LEADER 00924nam a2200241 a 4500 001 000000138687 003 CaOOAMICUS 005 20140609121301.0 008 140609s1951 it u000 u ita r 040 $aPUL$bita 100 1 $aDal Pra, Mario,$d1914-1992.$0(OLS)http://pul/name/5569 245 10$aNicola di Autrecourt /$cMario Dal Pra. 260 $aMilano :$bFratelli Bocca,$c©1951. 300 $a195 p. ;$c21 cm 490 1 $aStoria universale della filosofia ;$v18 504 $aBibliografia in nota. 830 0$aStoria universale della filosofia ;$v18.$0(OLS)http://pul/title/7812 850 $aPUL 852 $aPUL$W1$xDP1 Fondo Giannini$y60$m1556 A 44$j160080$qFondi$q $B159544$CPULBib$Z2$F159544 $Hnull $81 941 1 $a1 996 $6245$aNicola di Autrecourt$9(OLS)http://pul/title/175585 996 $6260$aMilano :$bFratelli Bocca$9(OLS)http://pul/publisher/49904